دربار اکبری (Record no. 329208)

000 -LEADER
fixed length control field nam a22 7a 4500
003 - CONTROL NUMBER IDENTIFIER
control field Nust
005 - DATE AND TIME OF LATEST TRANSACTION
control field 20170426161448.0
008 - FIXED-LENGTH DATA ELEMENTS--GENERAL INFORMATION
fixed length control field 170426b xxu||||| |||| 00| 0 eng d
040 ## - CATALOGING SOURCE
Transcribing agency DLC
082 ## - DEWEY DECIMAL CLASSIFICATION NUMBER
Classification number 954.0254 AZA
100 ## - MAIN ENTRY--PERSONAL NAME
Personal name آزاد،مولانا محمد حسن
245 ## - TITLE STATEMENT
Title دربار اکبری
300 ## - PHYSICAL DESCRIPTION
Extent 992p. :
942 ## - ADDED ENTRY ELEMENTS (KOHA)
Source of classification or shelving scheme
Koha item type Book
Holdings
Withdrawn status Lost status Source of classification or shelving scheme Damaged status Not for loan Permanent Location Current Location Date acquired Total Checkouts Full call number Barcode Date last seen Price effective from Koha item type
          School of Civil and Environmental Engineering (SCEE) School of Civil and Environmental Engineering (SCEE) 04/26/2017   954.0254 AZA NIT-7464 04/26/2017 04/26/2017 Book
© 2023 Central Library, National University of Sciences and Technology. All Rights Reserved.